000
00282nam a2200109 4500
008
160702b xxu||||| |||| 00| 0 eng d
100
_9
1834
_a
Singh, S
245
_a
English Composition
260
_a
New Delhi
_b
Common Wealth
_c
2004
300
_a
English Composition
942
_2
ddc
_c
BK
999
_c
1538
_d
1538